00457nam a2200157Ia 4500008004100000100001900041245002300060245001800083260002500101260000900126300003300135440008500168650001700253650001300270650001600283190423s9999 xx 000 0 und d aKiener, Robert aFinding my mother/ cRobert Kiener bReader's Digest Asia c2018 aPages 100-115, December 2018 aAsia Reader's Digest: William Shakespeare Centuries of Shaping Languagev114:670 aAbandonement aAdoption aDocumentary